000 00392 a2200157 4500
020 _a9780471791270
040 _aDLC
_bDLC
082 _a519.82
100 _aGross, Donald
245 _aFundamentals of queueing theory
_cGross, Donald
260 _aNew ZJersey
_bWiley & sons
_c2008
300 _a500 p.
650 _aQueuing theory
700 _aGross, Donald
942 _cBK
_k519.82 GRO
_2ddc
999 _c10753
_d10753